000 00763nam a2200241 a 4500
003 BD-DhJNU
005 20250626045620.0
008 840515s1984 coua b 001 0 eng
020 _a081330041X
040 _aBD-DhJNU
_bENG
_cBD-DhJNU
_dBD-DhJNU
082 0 0 _a320.98 HUP
_223
100 1 _aHughes, Steven W.
245 1 0 _aPolitics and public policy in Latin America /
_cSteven W. Hughes ... [et al.].
260 _aBoulder :
_bWestview Press,
_c1984.
300 _axi, 256 p. :
_bill. ;
_c24 cm.
504 _aBibliography: p. 227-242.
500 _aIncludes index.
651 0 _aLatin America
_xPolitics and government
_y1948-
650 0 _aPolitical planning
_zLatin America.
650 0 _aPolicy sciences.
700 1 _aMijeski, Kenneth J.
942 _cBK
999 _c1834
_d1834